000 00613nam a2200193Ia 4500
005 20250508165415.0
008 008 250505s9999 xx 000 0 eng d
037 _aTheses
040 _aFEDL
_beng
_cFEDL
041 _aeng
_2eng
084 _a371.1, TOP/TH
_qFEDL
100 _aToppo Nilima Jyotsna
_9780769
245 0 _aAccountability and job satisfaction and personality of senior secondary school teacher in Jharkhand
260 _c2009
300 _a188p.
546 _aPh. D. Thesis, (Delhi University); Gifted by Dr. Geeta
942 _cTH
_h371.1, TOP/TH
999 _c1394944
_d1394944